00353 a2200109 4500001001000000005001700010008004100027245008100068100001800149700002100167773005500188ART_1781320260410161700.0260409a 10aComportamiento de la demanda interna de carne vacuna en el período 1979/851 aLanteri, Luis1 aMarín, Félix0 tEnsayos Económicosg- Nº 35 (sep. 1985)wREV620